000 00411nam a22001577a 4500
003 MPLRDC
005 20220104143510.0
008 210129b ||||| |||| 00| 0 eng d
082 _a050.1 DZWZ v.5 1991 c.3
100 _a郑健娜总编辑
245 _a读者文摘. 五月号91
_c
260 _a
_b读者文摘亚洲有限公司
_c1991
300 _b
650 _a
942 _cBK
_o050.1 DZWZ v.5 1991 c.3
999 _c40507
_d40497